[Event "DVM U20w 2013"]
[Site "Osnabrück GER"]
[Date "2013.12.28"]
[Round "4"]
[White "Sauer, Annika"]
[Black "Neisius, Laura"]
[Result "1/2-1/2"]
[Termination "normal"]
[Board "6.3"]
[WhiteElo "1350"]
[BlackElo "1315"]
[WhiteTeam "Leegebrucher Schachfreunde"]
[BlackTeam "SC 1979 Hattersheim"]
[WhiteFideId "12952052"]
[BlackFideId "12910040"]
[EventCountry "GER"]
[EventRounds "7"]
[EventType "team-swiss"]
[EventDate "2013.12.26"]

1. d4 d5 2. Nf3 Bf5 3. Bf4 e6 4. e3 c6 5. Bg3 Nf6 6. Nbd2 Nbd7 7. c4 Be7 8. Be2
O-O 9. Ne5 Ne4 10. Nxe4 Bxe4 11. O-O Bf6 12. Nxd7 Qxd7 13. c5 Be7 14. Bd3 f5
15. f3 Bxd3 16. Qxd3 b6 17. b4 b5 18. e4 f4 19. Bf2 Qd8 20. g3 Bg5 21. e5 a6
22. a3 Ra7 23. g4 Bh4 24. Qe2 Qg5 25. Bxh4 Qxh4 26. Qf2 Qg5 27. Kg2 h5 28. h3
g6 29. Rh1 Rg7 30. h4 Qd8 31. g5 1/2-1/2

[Event "DVM U20w 2013"]
[Site "Osnabrück GER"]
[Date "2013.12.28"]
[Round "4"]
[White "Heyd, Julia"]
[Black "Wolff, Marie Antoinette"]
[Result "0-1"]
[Termination "normal"]
[Board "6.4"]
[WhiteElo "1060"]
[BlackElo "1406"]
[WhiteTeam "SC 1979 Hattersheim"]
[BlackTeam "Leegebrucher Schachfreunde"]
[WhiteFideId "12927317"]
[BlackFideId "12908258"]
[EventCountry "GER"]
[EventRounds "7"]
[EventType "team-swiss"]
[EventDate "2013.12.26"]

1. c4 c5 2. Nc3 Nf6 3. g3 g6 4. Bg2 Bg7 5. Nf3 O-O 6. O-O Nc6 7. d4 cxd4 8.
Nxd4 a6 9. a4 Nxd4 10. Qxd4 Qa5 11. Bd2 Qc7 12. b3 Rb8 13. a5 b5 14. axb6 Rxb6
15. Ra3 Bb7 16. Re1 Bxg2 17. Kxg2 Qb7+ 18. Kg1 Rxb3 19. Rxb3 Qxb3 20. Rb1 Qa3
21. Rc1 d6 22. Qa7 Qb2 23. Qe3 Ng4 24. Qd3 Ne5 25. Qc2 Qxc2 26. Rxc2 Nxc4 27.
Nd5 Nxd2 28. Rxd2 e6 29. Nc7 a5 30. Ra2 Rc8 31. Nb5 Ra8 32. Nxd6 a4 33. Nc4 Bf8
34. Nb6 Ra5 35. Nxa4 Bb4 36. Kg2 Kf8 37. Kf3 Ke7 38. Ke4 Kd6 39. Kd4 Bc5+ 40.
Kc4 Bxf2 41. Rd2+ Rd5 42. Rxd5+ exd5+ 43. Kd3 d4 44. Nb2 f5 45. Nc4+ Kd5 46.
Nd2 h6 47. Nf3 g5 48. h3 g4 49. hxg4 fxg4 50. Nh4 Bxg3 51. Nf5 Bf2 52. Nxh6 g3
53. Ng4 g2 54. Nf6+ Ke6 0-1

[Event "DVM U14 2013"]
[Site "Magdeburg GER"]
[Date "2013.12.27"]
[Round "2"]
[White "Böhning, Kilian"]
[Black "Kololli, Kevin"]
[Result "1/2-1/2"]
[Termination "normal"]
[Board "1.1"]
[WhiteElo "1924"]
[BlackElo "1987"]
[WhiteTeam "Hagener SV"]
[BlackTeam "Lübecker SV"]
[WhiteFideId "1270499"]
[BlackFideId "12936863"]
[EventCountry "GER"]
[EventRounds "7"]
[EventType "team-swiss"]
[EventDate "2013.12.26"]

1. e4 c5 2. Nf3 d6 3. d4 cxd4 4. Nxd4 Nf6 5. Nc3 g6 6. Be2 Bg7 7. Be3 O-O 8.
Qd2 Nc6 9. O-O Nxd4 10. Bxd4 Qa5 11. Rfd1 Be6 12. f3 Rfc8 13. Kh1 Nd7 14. Bxg7
Kxg7 15. Nb5 Qxd2 16. Rxd2 Ne5 17. Nd4 Bc4 18. b3 Bxe2 19. Nxe2 b5 20. c3 Rab8
21. Kg1 h5 22. Kf2 a5 23. h3 a4 24. f4 Nd7 25. b4 Nb6 26. Rad1 Nc4 27. Rd5 e6
28. R5d4 f5 29. h4 Kf6 30. g3 fxe4 31. Rxe4 d5 32. Red4 Rc7 33. Kf3 Rbc8 34.
Rc1 Nd6 35. Rd3 Rc4 36. Rcd1 Ne4 37. Rc1 R8c7 38. a3 Rc8 39. Rc2 R8c7 40. Re3
Rc8 41. Rd3 1/2-1/2

[Event "DVM U14 2013"]
[Site "Magdeburg GER"]
[Date "2013.12.27"]
[Round "2"]
[White "Rieß, Alexander"]
[Black "Balazs, Balint"]
[Result "1-0"]
[Termination "normal"]
[Board "1.2"]
[WhiteElo "1776"]
[BlackElo "1846"]
[WhiteTeam "Lübecker SV"]
[BlackTeam "Hagener SV"]
[WhiteFideId "12953326"]
[BlackFideId "12922757"]
[EventCountry "GER"]
[EventRounds "7"]
[EventType "team-swiss"]
[EventDate "2013.12.26"]

1. e4 d5 2. exd5 Qxd5 3. Nc3 Qa5 4. Bc4 Nf6 5. d4 Nc6 6. Nf3 Bg4 7. Be3 O-O-O
8. h3 Bxf3 9. Qxf3 Nxd4 10. Bxd4 Rxd4 11. Bxf7 Re4+ 12. Kf1 Rd4 13. g3 e5 14.
Qf5+ Kb8 15. Kg2 Bc5 16. Rad1 Rhd8 17. Qxe5 Rd2 18. Rxd2 Rxd2 19. Ne4 Rxc2 20.
Bb3 Re2 21. Qxc5 Qxc5 22. Nxc5 Rxb2 23. Re1 b6 24. Ne4 Nd7 25. Nc3 Rd2 26. Rd1
Rxd1 27. Bxd1 c5 28. Kf3 a6 29. a4 Kc7 30. Be2 c4 31. Ke4 Kd6 32. Bxc4 g6 33.
Kd4 b5 34. axb5 axb5 35. Bxb5 Nf8 36. Ne4+ Ke7 37. Ke5 Ne6 38. Bc4 Nf8 39. Nf6
g5 40. Bd3 1-0

[Event "DVM U14 2013"]
[Site "Magdeburg GER"]
[Date "2013.12.27"]
[Round "2"]
[White "Laubrock, Paul"]
[Black "Tiedemann, Fin Niklas"]
[Result "0-1"]
[Termination "normal"]
[Board "1.3"]
[WhiteElo "1751"]
[BlackElo "1526"]
[WhiteTeam "Hagener SV"]
[BlackTeam "Lübecker SV"]
[WhiteFideId "1270509"]
[BlackFideId "12936936"]
[EventCountry "GER"]
[EventRounds "7"]
[EventType "team-swiss"]
[EventDate "2013.12.26"]

1. d4 Nf6 2. Nc3 d5 3. Bf4 e6 4. f3 Bb4 5. Qd2 c6 6. e3 Nbd7 7. Nge2 Nb6 8. Nc1
Na4 9. Nd3 Bxc3 10. bxc3 Nb6 11. Ne5 Nfd7 12. Nd3 Nc4 13. Qc1 O-O 14. Be2 f6
15. e4 e5 16. Bg3 Qa5 17. Nb4 exd4 18. exd5 cxd5 19. O-O dxc3 20. Bxc4 dxc4 21.
Bd6 Qb6+ 0-1

[Event "DVM U14 2013"]
[Site "Magdeburg GER"]
[Date "2013.12.27"]
[Round "2"]
[White "Dörp, Max Marian"]
[Black "Hoppe, Andreas"]
[Result "0-1"]
[Termination "normal"]
[Board "1.4"]
[WhiteElo "1183"]
[BlackElo "1715"]
[WhiteTeam "Lübecker SV"]
[BlackTeam "Hagener SV"]
[WhiteFideId "12983551"]
[BlackFideId "12922811"]
[EventCountry "GER"]
[EventRounds "7"]
[EventType "team-swiss"]
[EventDate "2013.12.26"]

1. e4 d5 2. exd5 Qxd5 3. Nc3 Qa5 4. d4 Nf6 5. Bc4 Bg4 6. Nge2 Nc6 7. f3 Bf5 8.
O-O O-O-O 9. Be3 e5 10. d5 Nb4 11. a3 Nxc2 12. Qxc2 Bxc2 13. b4 Bxb4 14. axb4
Qxb4 15. Ba2 Bd3 16. Rfd1 Bxe2 17. Nxe2 c6 18. dxc6 Rxd1+ 19. Rxd1 bxc6 20.
Bxa7 Qa4 21. Ra1 Qxa7+ 22. Kf1 Kc7 23. Nc3 Qc5 0-1

[Event "DVM U14 2013"]
[Site "Magdeburg GER"]
[Date "2013.12.27"]
[Round "2"]
[White "Greßmann, Moritz"]
[Black "Bauer, Björn-Benny"]
[Result "1/2-1/2"]
[Termination "normal"]
[Board "2.1"]
[WhiteElo "1919"]
[BlackElo "2011"]
[WhiteTeam "BSV 63 Chemie Weißensee"]
[BlackTeam "SK Gau-Algesheim"]
[WhiteFideId "24695084"]
[BlackFideId "24698741"]
[EventCountry "GER"]
[EventRounds "7"]
[EventType "team-swiss"]
[EventDate "2013.12.26"]

1. e4 c5 2. Nf3 Nc6 3. Bb5 g6 4. O-O Bg7 5. Bxc6 bxc6 6. d4 cxd4 7. Nxd4 Nf6 8.
Re1 O-O 9. c4 Ba6 10. Na3 Rb8 11. Rb1 c5 12. Ndb5 Bxb5 13. Nxb5 a6 14. Nc3 d6
15. Qa4 Ng4 16. Bd2 Bd4 17. Rf1 e6 18. Qc2 Qh4 19. Bf4 Nxf2 20. g3 Ng4+ 21. Kh1
Qe7 22. Qd2 f6 23. h3 Ne5 24. Bxe5 dxe5 25. b3 Qb7 26. Rbe1 Rbd8 27. Qc2 Qb4
28. Nb1 f5 29. Kh2 f4 30. Qe2 f3 31. Qc2 f2 32. Re2 Rd7 33. Kg2 Rdf7 34. Nd2
Qb7 35. Qd3 Qe7 36. Nb1 g5 37. Na3 Rd8 38. Nc2 g4 39. hxg4 Qg5 40. Ne3 Rdf8 41.
Nc2 Rd8 42. Ne3 1/2-1/2

[Event "DVM U14 2013"]
[Site "Magdeburg GER"]
[Date "2013.12.27"]
[Round "2"]
[White "Keymer, Vincent"]
[Black "Fege, Julian"]
[Result "1-0"]
[Termination "normal"]
[Board "2.2"]
[WhiteElo "1933"]
[BlackElo "1557"]
[WhiteTeam "SK Gau-Algesheim"]
[BlackTeam "BSV 63 Chemie Weißensee"]
[WhiteFideId "12940690"]
[BlackFideId "24699551"]
[EventCountry "GER"]
[EventRounds "7"]
[EventType "team-swiss"]
[EventDate "2013.12.26"]

1. c4 Nf6 2. Nc3 g6 3. d4 Bg7 4. e4 d6 5. f3 O-O 6. Be3 Nbd7 7. Qd2 e5 8. d5
Ne8 9. Bd3 a5 10. g4 Nc5 11. Nge2 Nxd3+ 12. Qxd3 f5 13. gxf5 gxf5 14. O-O-O Kh8
15. h4 fxe4 16. fxe4 Rf3 17. Qd2 Bg4 18. h5 Qd7 19. h6 Bf8 20. Rdf1 Be7 21.
Rxf3 Bxf3 22. Rf1 Bh5 23. Ng3 Bg6 24. Bg5 Kg8 25. Nf5 Bxf5 26. Rxf5 c6 27. dxc6
bxc6 28. c5 Ra7 29. Qg2 Kh8 30. Qf2 Bxg5+ 31. Rxg5 1-0

[Event "DVM U14 2013"]
[Site "Magdeburg GER"]
[Date "2013.12.27"]
[Round "2"]
[White "Erlekam, Simon"]
[Black "Henke, Georg"]
[Result "1-0"]
[Termination "normal"]
[Board "2.4"]
[WhiteElo "1791"]
[BlackElo "1475"]
[WhiteTeam "SK Gau-Algesheim"]
[BlackTeam "BSV 63 Chemie Weißensee"]
[WhiteFideId "12921416"]
[BlackFideId "24693936"]
[EventCountry "GER"]
[EventRounds "7"]
[EventType "team-swiss"]
[EventDate "2013.12.26"]

1. e4 c5 2. Nf3 Nc6 3. d4 cxd4 4. Nxd4 Nf6 5. Nc3 e5 6. Ndb5 d6 7. Bg5 a6 8.
Bxf6 gxf6 9. Na3 b5 10. Nd5 Bg7 11. c3 O-O 12. Be2 f5 13. exf5 Bxf5 14. O-O Qg5
15. Ne3 Rad8 16. Nxf5 Qxf5 17. Qd5 Qd7 18. Rad1 Kh8 19. Bf3 Nb8 20. c4 bxc4 21.
Nxc4 f5 22. Qxd6 e4 23. Be2 h6 24. Qxd7 Rxd7 25. Rxd7 Nxd7 26. Rd1 Nc5 27. b3
f4 28. Rd5 Ne6 29. Ne5 Bxe5 30. Rxe5 Ng5 31. h4 f3 32. hxg5 fxe2 33. Rxe4 e1=Q+
34. Rxe1 hxg5 35. Re6 Ra8 36. Rg6 1-0

[Event "DVM U14 2013"]
[Site "Magdeburg GER"]
[Date "2013.12.27"]
[Round "2"]
[White "Bergauz, Noam"]
[Black "Tong, Kevin"]
[Result "1-0"]
[Termination "normal"]
[Board "3.1"]
[WhiteElo "1972"]
[BlackElo "1674"]
[WhiteTeam "SK München Südost"]
[BlackTeam "SC Erlangen"]
[WhiteFideId "12938033"]
[BlackFideId "12913944"]
[EventCountry "GER"]
[EventRounds "7"]
[EventType "team-swiss"]
[EventDate "2013.12.26"]

1. e4 c5 2. Nf3 Nc6 3. d4 cxd4 4. Nxd4 g6 5. Nc3 Bg7 6. Be3 Nf6 7. Nxc6 bxc6 8.
e5 Ng8 9. Bd4 Nh6 10. e6 Bxd4 11. Qxd4 O-O 12. exd7 Qxd7 13. O-O-O Qxd4 14.
Rxd4 Be6 15. Ba6 Rfd8 16. Rhd1 Rxd4 17. Rxd4 Rb8 18. Bd3 Kg7 19. h3 Ng8 20. Be4
Rc8 21. Ra4 Rc7 22. Ra6 Bd7 23. Bf3 Nf6 24. Ra5 e6 25. Rc5 Rc8 26. a3 Kf8 27.
Na2 Ke7 28. Nb4 Nd5 29. Nd3 Kd6 30. Ra5 Rc7 31. c4 Nf6 32. b4 h5 33. Ra6 e5 34.
Nc5 Nh7 35. Ra5 Ng5 36. Nxd7 Nxf3 37. Nf6 Ke7 38. Ng8+ Kf8 39. gxf3 Kxg8 40.
Rxe5 Rd7 41. Kc2 Kg7 42. a4 Kf6 43. Rc5 Rd6 44. Ra5 Rd4 45. Rc5 Rd6 46. Kc3 Ke6
47. Ra5 Rd7 48. Ra6 Rc7 49. b5 Kd7 50. bxc6+ Kd6 51. Kd4 g5 52. Ra5 f6 53. Rd5+
Ke6 54. Kc5 h4 55. Rd6+ Ke7 56. Kd5 f5 57. Rg6 1-0

[Event "DVM U14 2013"]
[Site "Magdeburg GER"]
[Date "2013.12.27"]
[Round "2"]
[White "Haas, Maximilian"]
[Black "Leeb, Simon"]
[Result "1-0"]
[Termination "normal"]
[Board "3.2"]
[WhiteElo "1572"]
[BlackElo "1789"]
[WhiteTeam "SC Erlangen"]
[BlackTeam "SK München Südost"]
[WhiteFideId "12959219"]
[BlackFideId "12924768"]
[EventCountry "GER"]
[EventRounds "7"]
[EventType "team-swiss"]
[EventDate "2013.12.26"]

1. e4 c5 2. Nf3 Nc6 3. d4 cxd4 4. Nxd4 Nf6 5. Nc3 e5 6. Ndb5 d6 7. Nd5 Nxd5 8.
exd5 Ne7 9. c4 a6 10. Qa4 axb5 11. Qxa8 f5 12. Be2 bxc4 13. Bxc4 f4 14. Bb5+
Kf7 15. O-O g5 16. a4 Bg7 17. a5 Qc7 18. a6 Nxd5 19. Bc4 Qc6 20. b3 Kg6 21.
Bd3+ Kf6 22. Be4 Qb5 23. Qb8 Be6 24. Qxb7 Qc5 25. a7 Qd4 26. Ra4 Qc5 27. Ba3
Bc8 28. Qxd5 Qc3 29. Qxd6+ 1-0

[Event "DVM U14 2013"]
[Site "Magdeburg GER"]
[Date "2013.12.27"]
[Round "2"]
[White "Bergauz, Igal"]
[Black "Tschammer, Kai"]
[Result "1-0"]
[Termination "normal"]
[Board "3.3"]
[WhiteElo "1665"]
[BlackElo "1612"]
[WhiteTeam "SK München Südost"]
[BlackTeam "SC Erlangen"]
[WhiteFideId "12977284"]
[BlackFideId "12939099"]
[EventCountry "GER"]
[EventRounds "7"]
[EventType "team-swiss"]
[EventDate "2013.12.26"]

1. e4 e5 2. Nf3 Nc6 3. d4 exd4 4. Nxd4 Nf6 5. Nc3 Bb4 6. Nxc6 bxc6 7. Bd3 d5 8.
exd5 cxd5 9. O-O O-O 10. Bg5 c6 11. h3 Bc5 12. Rb1 Qd6 13. Qf3 Bd4 14. Bf4 Be5
15. Bxe5 Qxe5 16. Rfe1 Qg5 17. Re2 Nh5 18. Rbe1 f6 19. Re7 Rf7 20. Bxh7+ Kxh7
21. Rxf7 Qg6 22. Rf8 Bb7 23. Rxa8 Bxa8 24. Kh2 f5 25. Ne2 Nf6 26. Nf4 Qf7 27.
Qd3 Ne4 28. f3 Nc5 29. Qd4 Nd7 30. Qxa7 g5 31. Nh5 g4 32. Qxa8 gxf3 33. gxf3
Qxh5 34. Rg1 Qxf3 35. Qg8+ Kh6 36. Qg6# 1-0

[Event "DVM U14 2013"]
[Site "Magdeburg GER"]
[Date "2013.12.27"]
[Round "2"]
[White "Grüninger, Maxim"]
[Black "Huber, Benedikt"]
[Result "1/2-1/2"]
[Termination "normal"]
[Board "3.4"]
[WhiteElo "1606"]
[BlackElo "1696"]
[WhiteTeam "SC Erlangen"]
[BlackTeam "SK München Südost"]
[WhiteFideId "12942960"]
[BlackFideId "12923583"]
[EventCountry "GER"]
[EventRounds "7"]
[EventType "team-swiss"]
[EventDate "2013.12.26"]

1. e4 e6 2. d4 d5 3. Bd3 dxe4 4. Bxe4 Nf6 5. Bf3 Nc6 6. Bxc6+ bxc6 7. Ne2 Ba6
8. Nbc3 Bd6 9. O-O O-O 10. Re1 h6 11. b3 Nd5 12. Bb2 Bb4 13. Qd2 Be7 14. Ng3
Nf6 15. Rad1 Nd5 16. Nge4 f5 17. Nc5 Bg5 18. Re3 Bxe3 19. fxe3 Bc8 20. Nxd5
cxd5 21. Nd3 c6 22. Ba3 Re8 23. Ne5 Qc7 24. Qe2 Bb7 25. Rf1 Qa5 26. Bc5 Ba6 27.
Nd3 Bxd3 28. Qxd3 Qc7 29. a4 a5 30. Qe2 Qd7 31. Qf3 Qf7 32. Qf4 Qd7 33. Qg3 Kh7
34. h3 Rab8 35. Qf4 Rb7 36. Qg3 Rg8 1/2-1/2

[Event "DVM U14 2013"]
[Site "Magdeburg GER"]
[Date "2013.12.27"]
[Round "2"]
[White "Schulte, Felix"]
[Black "Surguchov, Alexander"]
[Result "1/2-1/2"]
[Termination "normal"]
[Board "4.2"]
[WhiteElo "1810"]
[BlackElo "1717"]
[WhiteTeam "USV Volksbank Halle"]
[BlackTeam "VfSuF Düsseldorf-Süd"]
[WhiteFideId "12914800"]
[BlackFideId "1272035"]
[EventCountry "GER"]
[EventRounds "7"]
[EventType "team-swiss"]
[EventDate "2013.12.26"]

1. e4 e6 2. d4 d5 3. Nd2 Ne7 4. Ngf3 Ng6 5. exd5 exd5 6. Nb3 Bf5 7. Bd3 Bxd3 8.
Qxd3 c6 9. O-O Be7 10. Re1 O-O 11. Bd2 Nd7 12. a3 a5 13. Qf5 Nf6 14. Ne5 a4 15.
Nc1 Ne4 16. Bb4 Bxb4 17. axb4 Qf6 18. Qxf6 Nxf6 19. Ncd3 Ne4 20. f3 Nd6 21.
Nxg6 fxg6 22. Nc5 b5 23. Nd7 Rfe8 24. Ne5 Rec8 25. g4 Nc4 26. Nxc4 dxc4 27. Re5
Re8 28. Rxe8+ Rxe8 29. Kf2 Kf7 30. c3 Kf6 31. f4 g5 32. f5 g6 33. fxg6 Kxg6 34.
Re1 Rxe1 35. Kxe1 Kf6 36. Kf2 Ke6 37. Ke3 1/2-1/2

[Event "DVM U14 2013"]
[Site "Magdeburg GER"]
[Date "2013.12.27"]
[Round "2"]
[White "Schmitz, Fabian"]
[Black "Kretzschmar, Arnd"]
[Result "1-0"]
[Termination "normal"]
[Board "4.3"]
[WhiteElo "1484"]
[BlackElo "1847"]
[WhiteTeam "VfSuF Düsseldorf-Süd"]
[BlackTeam "USV Volksbank Halle"]
[WhiteFideId "12965006"]
[BlackFideId "12914835"]
[EventCountry "GER"]
[EventRounds "7"]
[EventType "team-swiss"]
[EventDate "2013.12.26"]

1. e4 c5 2. Nc3 Nc6 3. g3 g6 4. Bg2 Bg7 5. Nge2 Nf6 6. d3 d6 7. O-O O-O 8. h3
Be6 9. Be3 Rb8 10. Qd2 b5 11. f4 b4 12. Nd1 Qc8 13. Kh2 Ne8 14. g4 f5 15. gxf5
gxf5 16. Ng3 Bd4 17. c3 bxc3 18. bxc3 Bxe3 19. Nxe3 Ng7 20. Ngxf5 Nxf5 21. Nxf5
Bxf5 22. exf5 Rxf5 23. Be4 Rh5 24. Qg2+ Kh8 25. Bxc6 d5 26. Bxd5 Rb6 27. Bf3
Rh4 28. Bg4 Qg8 29. Qe2 Rg6 30. Qe5+ Qg7 31. Qxg7+ Rxg7 32. Kg3 Rh6 33. Rab1
Rd6 34. Rb8+ Rg8 35. Rxg8+ Kxg8 36. Rd1 Ra6 37. Rd2 Kf7 38. Kf3 Kf6 1-0

[Event "DVM U14 2013"]
[Site "Magdeburg GER"]
[Date "2013.12.27"]
[Round "2"]
[White "Perekhozhuk, Maksym"]
[Black "Gula, Julian"]
[Result "1-0"]
[Termination "normal"]
[Board "4.4"]
[WhiteElo "1731"]
[BlackElo "1617"]
[WhiteTeam "USV Volksbank Halle"]
[BlackTeam "VfSuF Düsseldorf-Süd"]
[WhiteFideId "12914860"]
[BlackFideId "12954799"]
[EventCountry "GER"]
[EventRounds "7"]
[EventType "team-swiss"]
[EventDate "2013.12.26"]

1. e4 c5 2. Nf3 g6 3. d4 Bg7 4. Nc3 cxd4 5. Nxd4 Nc6 6. Be3 Nf6 7. f3 O-O 8.
Qd2 d5 9. Nxc6 bxc6 10. Rd1 e6 11. h4 Bb7 12. g4 h5 13. gxh5 Nxh5 14. Bh6 Bxh6
15. Qxh6 Qf6 16. Be2 Qf4 17. Qxf4 Nxf4 18. Kf2 Nxe2 19. Nxe2 Rfe8 20. e5 Kf8
21. h5 gxh5 22. Rxh5 Ke7 23. Rg1 Ba6 24. Nf4 Rf8 25. Rh7 Ke8 26. Rh6 Bc8 27.
Rf6 Rb8 28. b3 a5 29. Nh3 Rb7 30. Ng5 c5 31. Ke3 Re7 {nicht nachvollziehbar}
1-0

[Event "DVM U14 2013"]
[Site "Magdeburg GER"]
[Date "2013.12.27"]
[Round "2"]
[White "Rockmann, Jan-Okke"]
[Black "von Angern, Cedric"]
[Result "1-0"]
[Termination "normal"]
[Board "5.1"]
[WhiteElo "1752"]
[BlackElo "1601"]
[WhiteTeam "SK Bremen-Nord"]
[BlackTeam "SG Aufbau Elbe Magdeburg"]
[WhiteFideId "12942111"]
[BlackFideId "12921106"]
[EventCountry "GER"]
[EventRounds "7"]
[EventType "team-swiss"]
[EventDate "2013.12.26"]

1. e4 c5 2. Nf3 d6 3. d4 cxd4 4. Nxd4 Nf6 5. Nc3 a6 6. Be3 e6 7. Be2 Be7 8. f4
b5 9. e5 dxe5 10. fxe5 Nd5 11. Nxd5 exd5 12. O-O O-O 13. Bd3 h6 14. Qf3 Be6 15.
Nxe6 fxe6 16. Qg4 Rxf1+ 17. Rxf1 Kh8 18. Qg6 Qg8 19. Rf7 Nc6 20. Bxh6 Bf8 21.
Be3 Nxe5 22. Qh5+ 1-0

[Event "DVM U14 2013"]
[Site "Magdeburg GER"]
[Date "2013.12.27"]
[Round "2"]
[White "Rößler, Linus Benedict"]
[Black "Reimers, Juri"]
[Result "0-1"]
[Termination "normal"]
[Board "5.2"]
[WhiteElo "1566"]
[BlackElo "1777"]
[WhiteTeam "SG Aufbau Elbe Magdeburg"]
[BlackTeam "SK Bremen-Nord"]
[WhiteFideId "12921076"]
[BlackFideId "24661511"]
[EventCountry "GER"]
[EventRounds "7"]
[EventType "team-swiss"]
[EventDate "2013.12.26"]

1. e4 d5 2. exd5 Qxd5 3. Nc3 Qd6 4. d4 Nf6 5. Bc4 a6 6. Nf3 b5 7. Bb3 Bb7 8.
Be3 e6 9. h3 Be7 10. O-O O-O 11. Qd2 Bxf3 12. gxf3 Nbd7 13. Bf4 Qb6 14. d5 e5
15. Bg3 Nh5 16. Bh2 Qg6+ 17. Kh1 Qf5 18. Kg2 Bg5 19. Qe2 Bf4 20. Rg1 Qg5+ 21.
Kh1 Qh4 22. Kg2 Bxh2 23. Kxh2 b4 24. Rg4 Qf6 25. Rxb4 Nf4 26. Qf1 Nb6 27. Re4
Kh8 28. Rae1 Ng6 29. Qg2 Nh4 30. Rxh4 Qxh4 31. Rxe5 Qf6 32. Rg5 Rg8 33. Qg1
Qxf3 34. Rg3 Qf4 35. Kh1 Rae8 36. Kh2 Nd7 37. Ba4 Rd8 38. Qf1 Ne5 39. Qg2 Ng6
40. Qf1 Nh4 0-1

[Event "DVM U14 2013"]
[Site "Magdeburg GER"]
[Date "2013.12.27"]
[Round "2"]
[White "Herdzik, Matthias"]
[Black "Wagner, Tobias"]
[Result "1-0"]
[Termination "normal"]
[Board "5.3"]
[WhiteElo "1552"]
[BlackElo "1423"]
[WhiteTeam "SK Bremen-Nord"]
[BlackTeam "SG Aufbau Elbe Magdeburg"]
[WhiteFideId "12983241"]
[BlackFideId "12943452"]
[EventCountry "GER"]
[EventRounds "7"]
[EventType "team-swiss"]
[EventDate "2013.12.26"]

1. e4 e5 2. Nc3 Nf6 3. f4 d6 4. Nf3 Nc6 5. Bb5 Bd7 6. d3 Qe7 7. fxe5 Nxe5 8.
Bg5 c6 9. Ba4 h6 10. Be3 g6 11. Qe2 Bg7 12. d4 Nxf3+ 13. gxf3 O-O 14. O-O-O
Rfe8 15. Qd2 h5 16. Bb3 Be6 17. d5 cxd5 18. Bxd5 Nxd5 19. Nxd5 Bxd5 20. Qxd5
Qf6 21. Bd4 Bh6+ 22. Kb1 Qxf3 23. Rhf1 1-0

[Event "DVM U14 2013"]
[Site "Magdeburg GER"]
[Date "2013.12.27"]
[Round "2"]
[White "Lellek, Lewin Louis"]
[Black "Schmidt, Bjarne"]
[Result "1-0"]
[Termination "normal"]
[Board "5.4"]
[WhiteElo "1270"]
[BlackElo "1394"]
[WhiteTeam "SG Aufbau Elbe Magdeburg"]
[BlackTeam "SK Bremen-Nord"]
[WhiteFideId "12971820"]
[BlackFideId "12965774"]
[EventCountry "GER"]
[EventRounds "7"]
[EventType "team-swiss"]
[EventDate "2013.12.26"]

1. e4 d6 2. d4 Nf6 3. Nc3 g6 4. Be3 Bg7 5. Bc4 a6 6. f3 b5 7. Bb3 Bb7 8. Qd2
Nbd7 9. Nce2 Rc8 10. Ng3 c5 11. c3 cxd4 12. cxd4 Nb6 13. N1e2 Nc4 14. Bxc4 Rxc4
15. b3 Rc8 16. O-O O-O 17. Rac1 Qd7 18. Bh6 d5 19. e5 Ne8 20. h3 Nc7 21. f4
Bxh6 22. Qd3 Na8 23. Rxc8 Rxc8 24. f5 e6 25. f6 a5 26. Nh1 a4 27. g4 axb3 28.
axb3 Nc7 29. h4 Na6 30. g5 Bf8 31. h5 Nb4 32. Qh3 Rc7 33. hxg6 fxg6 34. f7+ Kh8
35. Nhg3 Qd8 36. Rf6 Bg7 37. Rf2 Bf8 38. Qh4 Nc2 39. Nf4 Kg7 40. Nxe6+ 1-0

[Event "DVM U14 2013"]
[Site "Magdeburg GER"]
[Date "2013.12.27"]
[Round "2"]
[White "Weis, Olga"]
[Black "Schaefer, Matthes"]
[Result "1-0"]
[Termination "normal"]
[Board "6.1"]
[WhiteElo "1736"]
[BlackElo "1537"]
[WhiteTeam "OSG Baden-Baden"]
[BlackTeam "BSG Grün-Weiß Leipzig"]
[WhiteFideId "1270234"]
[BlackFideId "12946117"]
[EventCountry "GER"]
[EventRounds "7"]
[EventType "team-swiss"]
[EventDate "2013.12.26"]

1. e4 e6 2. d4 d5 3. Nd2 Nf6 4. e5 Nfd7 5. Bd3 c5 6. c3 Nc6 7. Ne2 cxd4 8. cxd4
Qb6 9. Nf3 Be7 10. O-O O-O 11. a3 h6 12. Bc2 Re8 13. Qd3 Nf8 14. Rd1 Bd7 15.
Ne1 Bh4 16. Qh3 Qd8 17. Nf3 Bg5 18. Nxg5 hxg5 19. Qg3 Rc8 20. Bxg5 Ne7 21. Bf6
Nfg6 22. Bxg6 fxg6 23. Bxe7 Qxe7 24. Qxg6 Rf8 25. Rac1 Rxc1 26. Rxc1 Qh4 27.
Qg3 Qe4 28. Qe3 Qf5 29. f3 Bc6 30. Nc3 Qg6 31. Na2 a5 32. Nc3 Rf5 33. Ne2 Rg5
34. Nf4 Qh6 35. Qc3 Qh4 36. Nxe6 Rg6 37. Nc5 Qg5 38. Rc2 Qe7 39. Qxa5 Kh7 40.
Qc3 Rh6 41. Qd3+ Kg8 42. Qf5 Qh4 43. g3 Qxd4+ 44. Kg2 Qd1 45. Ne6 Rxe6 46.
Qxe6+ Kh8 47. Qc8+ Kh7 48. Qf5+ Kh8 49. e6 d4 50. e7 Qe1 51. Rxc6 1-0

[Event "DVM U14 2013"]
[Site "Magdeburg GER"]
[Date "2013.12.27"]
[Round "2"]
[White "Caprita, Victor"]
[Black "Toptschiev, David"]
[Result "0-1"]
[Termination "normal"]
[Board "6.2"]
[WhiteElo "1658"]
[BlackElo "1835"]
[WhiteTeam "BSG Grün-Weiß Leipzig"]
[BlackTeam "OSG Baden-Baden"]
[WhiteFideId "12946125"]
[BlackFideId "12968005"]
[EventCountry "GER"]
[EventRounds "7"]
[EventType "team-swiss"]
[EventDate "2013.12.26"]

1. d4 Nf6 2. c4 e6 3. Nc3 d5 4. Bg5 c6 5. e3 Bd6 6. Nf3 Nbd7 7. cxd5 cxd5 8.
Bd3 a6 9. Qc2 h6 10. Bh4 b5 11. O-O Bb7 12. Rac1 Rc8 13. Qe2 Nb6 14. e4 g5 15.
e5 gxh4 16. exd6 h3 17. Rfe1 hxg2 18. Bf5 O-O 19. d7 Nbxd7 20. Bh3 Kh7 21. Qd3+
Ne4 22. Nd2 f5 23. Ndxe4 dxe4 24. Qb1 Qg5 25. Re3 Rg8 26. Rg3 Qd2 27. Rd1 Qf4
28. Bxg2 Rxg3 29. hxg3 Qd6 30. Bh3 Qc6 31. d5 Qb6 32. dxe6 Qxe6 33. Re1 Qf7 34.
f3 b4 35. Nd1 Qh5 36. Nf2 Qxf3 37. Kf1 a5 38. Bg2 Ba6+ 39. Kg1 Qxg3 40. Nxe4
Qd3 41. Qxd3 Bxd3 42. Nd6 Rc7 43. Re7+ Kg6 44. Ne8 Rc1+ 45. Kf2 Rc2+ 46. Ke3
Re2+ 47. Kxd3 Rxe7 48. Nd6 Kf6 49. Nc4 Nc5+ 50. Kd4 Nb7 51. Nb6 Rg7 52. Nd5+ {
nicht nachvollziehbar} 0-1